000 00309nam a2200121Ia 4500
008 190216s9999||||xx |||||||||||||| ||und||
100 _aLenbuckwalter
245 0 _a99ways To Improve Your Short Wave Listening
260 _bDb.Taraporevala Sons &co
_c1972
300 _a144p
650 _aPhysics
942 _cBK
999 _c33071
_d33071